| 000 | 00611nam a22002057a 4500 | ||
|---|---|---|---|
| 001 | sjds | ||
| 003 | sjds | ||
| 005 | 20240527131346.0 | ||
| 008 | 240527b |||||||| |||| 00| 0 spa d | ||
| 020 | _a 9789996401893 | ||
| 020 | _a9996401898 | ||
| 040 | _csjds | ||
| 100 | 1 | _aTalavera, Wilfred Cunningham | |
| 245 | 1 | 3 |
_aLa usus Mairin del Wangki / _cWilfred Cunningham Talavera |
| 246 | _aLa usus Mairin del Wangki | ||
| 260 |
_aNicaragua : _bCADPI, Centro Para La AutonomÃa y Desarrollo De Los Pueblos IndÃgenas _c2013 |
||
| 300 | _a1 vol. | ||
| 500 | _aCatloging from website: ISBN Cloud | ||
| 942 | _cBK | ||
| 999 |
_c29834 _d29832 |
||